00830cam a2200241 a 450000100100000000500170001000800410002702000150006803500190008304000230010208200170012510000630014224500500020526000370025530000210029249000160031365000290032965000420035883000250040091000280042595201200045399900150057300000981620200929161721.0810714s1982 sp 001 p spa  a843223852X a(DLC) 81160920 aDO-SdBNPcDLCdDLC a861.6bR788p1 aRosales, Luis,q(Luis Rosales Camacho),d1910-1992.92472210aPoesía reunida (1935-1974) /cLuis Rosales. aBarcelona :bSeix Barral,c1982. a445 p. ;c20 cm.1 aSerie Mayor 4aPoesía española9631 4aLiteratura españolaySIGLO XX93326 0aSerie Mayor ;924723 aCatalogación derivada 001052708MOaGRbGRcCTd2009-10-01iLF1l0o861.6 R788pp9816-10r2020-06-25w2020-06-25y2ZPréstamo interno c9575d9575